000 00375nam a2200145Ia 4500
005 20250318054056.0
008 240331s9999 xx 000 0 und d
082 _bKAV
_a894
100 _aKaveri,L
245 0 _aInru maalai, ennudan
260 _aMadras
_bNarmadha Pathipagam
_c1993
300 _a280 p .,
500 _aA Collection of Contemporary Short Stories
942 _cL
999 _c4000
_d4000